| 000 | 00600nam a2200205 4500 | ||
|---|---|---|---|
| 999 |
_c12985 _d12985 |
||
| 003 | MIRAKIL | ||
| 005 | 20190319155222.0 | ||
| 008 | 190319b tu ||||| |||| 00| 0 tur d | ||
| 020 | _a067168857x | ||
| 040 |
_aTR-AnCHP _cTR-AnCHP |
||
| 041 | _aeng | ||
| 082 |
_a973.927092 _bR32s 1989 |
||
| 100 | _aReagan, Ronald. | ||
| 245 | 1 | 0 |
_aSpeakıng my mınd/ _cRonald Reagan. |
| 260 |
_aNew York: _bSimon and Shuster, _c1989. |
||
| 300 |
_a432 s.: _bfotğ.; _c24 sm. |
||
| 504 | _aDizin vardır. | ||
| 650 | 0 |
_95108 _aAmerika Birleşik Devletleri (ABD) _xSiyaset ve yöetim _y1981-1989 |
|
| 942 |
_2ddc _cBKS |
||